Right to education for orphans and vulnerable children (OVC's)/ (Record no. 4284)

000 -LEADER
fixed length control field 00411nam a22001457a 4500
003 - CONTROL NUMBER IDENTIFIER
control field OSt
005 - DATE AND TIME OF LATEST TRANSACTION
control field 20210727102859.0
008 - FIXED-LENGTH DATA ELEMENTS--GENERAL INFORMATION
fixed length control field 210727b |||||||| |||| 00| 0 eng d
050 ## - LIBRARY OF CONGRESS CALL NUMBER
Classification number RUSC LC4098.N3.R356 2019
100 ## - MAIN ENTRY--PERSONAL NAME
Personal name Raingo, M. Thomas
245 ## - TITLE STATEMENT
Title Right to education for orphans and vulnerable children (OVC's)/
Statement of responsibility, etc Thomas Mburu Raingo
260 ## - PUBLICATION, DISTRIBUTION, ETC. (IMPRINT)
Place of publication, distribution, etc Nairobi
Date of publication, distribution, etc 2019
300 ## - PHYSICAL DESCRIPTION
Extent xi, 45p:
942 ## - ADDED ENTRY ELEMENTS (KOHA)
Source of classification or shelving scheme
Koha item type Research Project
Holdings
Withdrawn status Lost status Source of classification or shelving scheme Damaged status Not for loan Home library Current library Shelving location Date acquired Total Checkouts Full call number Barcode Date last seen Price effective from Koha item type
          Riara University Library Riara University Library Special Collection 27/07/2021   RUSC LC4098.N3.R356 2019 10486/21 27/07/2021 27/07/2021 Research Project
          Riara University Library Riara University Library Special Collection 27/07/2021   RUSC LC4098.N3.R356 2019 10485/21 27/07/2021 27/07/2021 Research Project

Riara University Library,
P.O. Box 49940-00100,
Nairobi, Kenya.